Loading...
India:Brief History of a Civilization
| Main Author: | |
|---|---|
| Format: | Printed Book |
| Published: |
New Delhi
Oxford
2012
|
| Subjects: |
| LEADER | 00489nam a22001577a 4500 | ||
|---|---|---|---|
| 020 | |a 9780198078807 | ||
| 082 | |a 954 |b TRA/I | ||
| 100 | |a Trautmann,Thomas R. | ||
| 245 | |a India:Brief History of a Civilization | ||
| 260 | |a New Delhi |b Oxford |c 2012 | ||
| 300 | |a 243p. | ||
| 650 | |a India | ||
| 650 | |a Civilization | ||
| 942 | |c BK | ||
| 999 | |c 35752 |d 35752 | ||
| 952 | |0 0 |1 0 |4 0 |6 954_000000000000000_TRAI |7 0 |8 Stack |9 37838 |a KUCL |b KUCL |c Stack |d 2015-11-05 |g 295.00 |l 0 |o 954 TRA/I |p 35033 |r 2015-11-05 |w 2015-11-05 |y BK | ||